000 00556nam a2200181Ia 4500
008 100921s9999 xx 000 0 und d
082 _b33596
_a891.461 थ 61
100 _aमाडगूळकर ग.दि.
245 _aचैत्रबन.
260 _bदेशमुख आणि कंपनी,पुणे.
_c1961
300 _a336
_b---
365 _b12
520 _aललित-काव्य.
630 _aचैत्रबन.
650 _aललित-काव्य.
730 _aचैत्रबन.
942 _cBOOK
999 _c782709
_d782706